Graphs, surfaces and homology : an introduction to algebraic topology /

Guardado en:
Autor Principal: Giblin, P. J.
Formato: Libro
Idioma:English
Publicado: London : New York : Chapman and Hall ; Wiley, 1977.
Series:Chapman and Hall mathematics series
Materias:
Etiquetas: Agregar Etiqueta
Sin Etiquetas, Sea el primero en etiquetar este registro!
LEADER 00895pam a2200265 a 4500
001 MAT.inmabb003393
008 761014s1977####enka#####b####001#0#eng##
005 20130311134737.0
245 1 0 |a Graphs, surfaces and homology :  |b an introduction to algebraic topology /  |c P. J. Giblin. 
260 |a London :  |b Chapman and Hall ;  |a New York :  |b Wiley,  |c 1977. 
300 |a xv, 329 p. :  |b il. ;  |c 22 cm. 
490 0 |a Chapman and Hall mathematics series 
500 |a "A Halsted Press book." 
504 |a Incluye referencias bibliográficas (p. 309-312) e índice. 
510 4 |a MR,  |c 55 #11235 
020 |a 0470989947 
020 |a 0412214407 
100 1 |a Giblin, P. J. 
650 0 |a Algebraic topology. 
650 0 |a Homology theory. 
650 0 |a Abelian groups. 
084 |a 55-01 (05C10 57-01)  |2 msc2000 
010 |a  76048914  
040 |a DLC  |c DLC  |d DLC 
859 |h 55  |i G446  |p A-4755  |b BIB. MATEMATICA